Premiers ministres italiens - Statistiques

Statistiques générales
  • Ce quiz a été pris 30 fois
  • Le résultat moyen est 8 sur 15
Statistiques - réponses
Années Réponse % Correct
2022- Giorgia Meloni
100%
1994-1995 Silvio Berlusconi
92%
2001-2006 Silvio Berlusconi
92%
2008-2011 Silvio Berlusconi
92%
2021-2022 Mario Draghi
75%
2018-2021 Giuseppe Conte
58%
2014-2016 Matteo Renzi
50%
2011-2013 Mario Monti
46%
1996-1998 Romano Prodi
33%
2006-2008 Romano Prodi
33%
2013-2014 Enrico Letta
29%
2000-2001 Giuliano Amato
25%
1995-1996 Lamberto Dini
25%
2016-2018 Paolo Gentiloni
25%
1998-2000 Massimo D'alema
21%
Aucun quiz correspondant
Distribution des résultats
% des personnes avec chaque résultat
Percentile par nombre de réponses
Votre historique - résultats
Vous n’avez pas pris ce quiz